Spoločenská zodpovednosť podnikov a úloha MVO pri jej formovaní
Charakteristika pojmu spoločenská zodpovednosť podnikov (SZP). Ekonomické zdôvodnenie SZP. Spoločenská zodpovednosť podnikov a tri sektory ekonomiky. Spoločenská zodpovednosť firiem ziskového sektora a organizácie tretieho sektora - MVO (mimovládne organizácie). Ciele MVO v oblasti spoločenskej zodp...
Na minha lista:
| Autor principal: | |
|---|---|
| Outros Autores: | |
| Formato: | Capítulo de Livro |
| Idioma: | eslovaco |
| Assuntos: | |
| Tags: |
Sem tags, seja o primeiro a adicionar uma tag!
|
MARC
| LEADER | 00000nla$a2200000$$$4500 | ||
|---|---|---|---|
| 001 | 0076138 | ||
| 005 | 20240502071906.3 | ||
| 041 | 0 | |a slo | |
| 044 | |a SK | ||
| 245 | 1 | 0 | |a Spoločenská zodpovednosť podnikov a úloha MVO pri jej formovaní |c Sylvia Bukovová, Kornélia Beličková |
| 520 | |a Charakteristika pojmu spoločenská zodpovednosť podnikov (SZP). Ekonomické zdôvodnenie SZP. Spoločenská zodpovednosť podnikov a tri sektory ekonomiky. Spoločenská zodpovednosť firiem ziskového sektora a organizácie tretieho sektora - MVO (mimovládne organizácie). Ciele MVO v oblasti spoločenskej zodpovednosti. Formy kooperácie MVO a firiem ziskového sektora. | ||
| 610 | 2 | 0 | |a firmy |
| 610 | 2 | 0 | |a organizácie nevládne |
| 610 | 2 | 0 | |a zodpovednosť spoločenská |
| 610 | 2 | 0 | |a politika sociálna podniková |
| 610 | 2 | 0 | |a ekológia |
| 610 | 2 | 0 | |a správanie |
| 610 | 2 | 0 | |a kooperácia |
| 100 | 1 | |a Bukovová, Sylvia, 1959- | |
| 700 | 1 | |a Beličková, Kornélia, 1966- | |